1361 1236 1625 1797 1044 1867 1143 1504 1950 1235 1769 1324 1156 1744 1391 1188 1577 1475 1446 1946 1171 1811 1933 1852 1141 1061 1089 1023 1646 1814 1565 1788 1427 1342 1534 1364 1100 1020 1489 1917 1959 1541 1363 1293 1332 1044 1109 1037 1094 1409 1668 1333 1948 1802 1225 1066 1696 1231 1171 1066 1632 1400 1944 1277 1818 1666 1459 1254 1353 1843 1775 1762 1518 1529 1518 1193 1707 1890 1031 1688 1853 1334 1353 1718 1646 1284 1471 1891 1038 1678 1016 1706 1464 1374 1761 1343 1416 1925 1267 BCNSPRNW ULIB Ver.6.0+V

เปลี่ยนเป็นภาษาไทย

Change to English
 แสดงรายละเอียดบรรณานุกรม
  กลับหน้าหลัก

Brief Record : Get Marc (ISO 2709) : E-mail record : QR code < ปิดหน้าต่าง
LEADER : 00000nam 2200000uu 4500
001    13399110216
003     ULIB
008    110426s2543||||th 000 0 tha d
020    9789746636971
020    9746636979
060 04 WL400^bก511ขข 2543
245 00 ไขสันหลังบาดเจ็บ /^cกิ่งแก้ว ปาจรีย์ บรรณาธิการ
250    พิมพ์ครั้งที่ 1
260    กรุงเทพฯ :^bงานตำราวารสารและสิ่งพิมพ์สถานเทคโนโลยีการศึกษาแพทยศาสตร์ คณะแพทยศาสตร์ศิริราชพยาบาลมหาวิทยาลัยมหิดล,^c2543
300    325 หน้า :^bภาพประกอบ
504    มีบรรณานุกรม
650  2 Spinal cord injuries
650  2 Spiqql cord injuries^xrehabilitation
700 00 กิ่งแก้ว ปาจรีย์,^eบรรณาธิการ
710 20 มหาวิทยาลัยมหิดล.^bคณะแพทยศาสตร์ศิริราชพยาบาล
945    ^p200^l0^i014406
945    ^p200^l0^i014405
945    ^p200^l0^i014143
945    ^p200^l0^i014142
945    ^p200^l0^i014141
995    ทศพร
999 ^a ใช้งานได้ทุกระบบ
รายการนี้ยังไม่มีแท็ก
คุณยังไม่ได้ล็อกอิน คุณสามารถมีกิจกรรมร่วมกับเว็บไซต์ได้ แต่ต้องล็อกอินก่อน ::
  ล็อกอิน

รายการสื่อสารสนเทศ

ลำดับที่ ประเภท เลขเรียก/บาร์โค้ด สถานที่ สถานะ
- ไม่พบข้อมูล -

BibComment


ยังไม่เคยถูกคอมเมนท์

คอมเมนท์ทรัพยากรรายการนี้
  คอมเมนท์: ไขสันหลังบาดเจ็บ ..


 Copyright 2026. Bcnsprnw @Library